EXPERIMENTAL PHARMACOLOGY (Record no. 48730)
[ view plain ]
| 000 -LEADER | |
|---|---|
| fixed length control field | 00369nam a22001577a 4500 |
| 003 - CONTROL NUMBER IDENTIFIER | |
| control field | OSt |
| 005 - DATE AND TIME OF LATEST TRANSACTION | |
| control field | 20240127145808.0 |
| 008 - FIXED-LENGTH DATA ELEMENTS--GENERAL INFORMATION | |
| fixed length control field | 190902b xxu||||| |||| 00| 0 eng d |
| 020 ## - INTERNATIONAL STANDARD BOOK NUMBER | |
| International Standard Book Number | 9788123906492 |
| 040 ## - CATALOGING SOURCE | |
| Transcribing agency | IIMT UNIVERSITY |
| 100 ## - MAIN ENTRY--PERSONAL NAME | |
| Personal name | PILLAI K K |
| 245 ## - TITLE STATEMENT | |
| Title | EXPERIMENTAL PHARMACOLOGY |
| 260 ## - PUBLICATION, DISTRIBUTION, ETC. | |
| Place of publication, distribution, etc. | NEW DELHI |
| Name of publisher, distributor, etc. | CBS PUB |
| Date of publication, distribution, etc. | 2018 |
| 300 ## - PHYSICAL DESCRIPTION | |
| Extent | 124 |
| 942 ## - ADDED ENTRY ELEMENTS (KOHA) | |
| Source of classification or shelving scheme | |
| Koha item type | Text-Book- for 7 days |
| Withdrawn status | Lost status | Source of classification or shelving scheme | Damaged status | Not for loan | Home library | Current library | Date acquired | Source of acquisition | Cost, normal purchase price | Inventory number | Total Checkouts | Barcode | Date last seen | Price effective from | Koha item type | Public note | Date last checked out |
|---|---|---|---|---|---|---|---|---|---|---|---|---|---|---|---|---|---|
| IIMT SCHOOL OF PHARMACEUTICAL SCIENCES | IIMT SCHOOL OF PHARMACEUTICAL SCIENCES | 02/21/2019 | KIRTI PRAKASHAN | 275.00 | IN2849 | 27-B-492 | 09/02/2019 | 09/02/2019 | Text-Book- for 7 days | Reference Book (Rack-1) | |||||||
| IIMT SCHOOL OF PHARMACEUTICAL SCIENCES | IIMT SCHOOL OF PHARMACEUTICAL SCIENCES | 02/21/2019 | KIRTI PRAKASHAN | 275.00 | IN2849 | 27-B-493 | 09/02/2019 | 09/02/2019 | Text-Book- for 7 days | ||||||||
| IIMT SCHOOL OF PHARMACEUTICAL SCIENCES | IIMT SCHOOL OF PHARMACEUTICAL SCIENCES | 02/21/2019 | KIRTI PRAKASHAN | 275.00 | IN2849 | 1 | 27-B-494 | 09/23/2024 | 09/02/2019 | Text-Book- for 7 days | 09/23/2024 | ||||||
| IIMT SCHOOL OF PHARMACEUTICAL SCIENCES | IIMT SCHOOL OF PHARMACEUTICAL SCIENCES | 02/21/2019 | KIRTI PRAKASHAN | 275.00 | IN2849 | 1 | 27-B-495 | 11/04/2024 | 09/02/2019 | Text-Book- for 7 days | 11/04/2024 | ||||||
| IIMT SCHOOL OF PHARMACEUTICAL SCIENCES | IIMT SCHOOL OF PHARMACEUTICAL SCIENCES | 02/21/2019 | KIRTI PRAKASHAN | 275.00 | IN2849 | 27-B-496 | 09/02/2019 | 09/02/2019 | Text-Book- for 7 days |

